| 000 | 00785nam a22002417a 4500 | ||
|---|---|---|---|
| 005 | 20251108165808.0 | ||
| 008 | 250721s1989 xx 000 0 ara d | ||
| 082 | 1 | 4 | _aط/621.8 |
| 100 | 1 | _aبوتر، توني | |
| 245 | 1 | 0 | _aمدخل إلى الرابوطيات / |
| 246 | 1 | 1 | _aUsborne New Technology Robotics |
| 264 | 1 |
_aبيروت : _bالمؤسسة العربيه للدراسات، _c1989. |
|
| 300 | _a48ص : مص | ||
| 490 | 0 | _aأوسبورن | |
| 650 | 1 | 7 | _aالتكنولوجيا |
| 650 | 1 | 7 | _aالمكنات |
| 653 | _a(سنة 14-10) ناشئون صغار | ||
| 700 | 1 | _aايفور، جلد | |
| 700 | 1 |
_aالطريفي، محمد إبراهيم _eTran. |
|
| 710 | 2 | _aالجمعية الكيميائية الأردنية | |
| 942 |
_2ddc _cBK |
||
| 999 |
_c31484 _d31484 |
||